Sports Quiz

Random Sports or Football Quiz

Black England footballers Quiz Stats

 Plays Quiz not verified by Sporcle

Challenge
Share
Tweet
Embed
Score 0/73 Timer 12:00
1 Play Today
Number of caps Name % Correct
103Ashley Cole
97.5%
15Andrew Cole
97.1%
7Carlton Cole
96.9%
81Rio Ferdinand
89.8%
17Les Ferdinand
89.4%
73Sol Campbell
85.7%
1Fraizer Campbell
85.3%
33Ian Wright
82.6%
62Emile Heskey
80.8%
53Paul Ince
80.6%
79John Barnes
80.6%
33Theo Walcott
74.5%
54Jermain Defoe
73.5%
5Kyle Walker
71.6%
48Glen Johnson
70.4%
59Des Walker
69.7%
53David James
69.7%
36Shaun Wright-Phillips
66.8%
6Daniel Sturridge
65%
16Danny Welbeck
64.1%
29Ashley Young
63%
30Viv Anderson
61.2%
1Raheem Sterling
58.6%
13Micah Richards
58.2%
21Aaron Lennon
57.7%
19Paul Parker
57.2%
21Ledley King
56.1%
12Alex Oxlade-Chamberlain
53.9%
13Darren Bent
53.3%
22Darius Vassell
49.5%
18Carlton Palmer
49.4%
12Trevor Sinclair
46.3%
26Joleon Lescott
45.5%
21Jermaine Jenas
45.4%
33Kieron Dyer
44.6%
23Wes Brown
44.3%
3Gabriel Agbonlahor
43.8%
Number of caps Name % Correct
8Mark Chamberlain
38.7%
6Chris Smalling
38.3%
1Michael Ricketts
35.2%
2John Fashanu
34.9%
2Kieran Gibbs
34.4%
5Cyrille Regis
33.9%
4Dion Dublin
33.5%
3Stan Collymore
33%
4Tom Huddlestone
32.6%
6Laurie Cunningham
32.3%
2Michael Thomas
32.2%
2Danny Thomas
32.1%
8Kieran Richardson
32%
4Ugo Ehiogu
31.2%
14Luther Blissett
29.3%
5Chris Powell
29.1%
14David Rocastle
28.7%
2Bobby Zamora
27.9%
1Wilfried Zaha
27.8%
2Ryan Bertrand
25.5%
1Danny Wallace
23.9%
1Jay Bothroyd
22.1%
7Tony Daley
20.4%
2Zat Knight
19.8%
3Brian Deane
19.3%
1Mark Walters
19.2%
1Jake Livermore
18%
1Steven Caulker
17.6%
3Keith Curle
16.7%
1Anthony Gardner
15.6%
3Earl Barrett
14.3%
1Brian Stein
13.9%
5John Salako
13.7%
1Andy Gray
12.9%
2Gary Charles
12.2%
3Ricky Hill
12.1%

You're not logged in!

Compare scores with friends on all Sporcle quizzes.
Join for Free
OR
Log In

You Might Also Like...

Show Comments

Extras

Top Quizzes Today


Score Distribution

Your Account Isn't Verified!

In order to create a playlist on Sporcle, you need to verify the email address you used during registration. Go to your Sporcle Settings to finish the process.

Report this User

Report this user for behavior that violates our Community Guidelines.

Details: